000
00288nam a22001337a 4500
008
210311b ||||| |||| 00| 0 eng d
041
_a
eng
080
_a
311
082
_a
311
100
_a
54
101
_a
STA
245
_a
Introduction to Statistics
_c
Walpole,R.E
942
_2
udc
_c
BK
999
_c
56318
_d
56318